[Event "arco2023"]
[Site "?"]
[Date "2023.10.08"]
[Round "2.1"]
[White "PAP, Gyula"]
[Black "BEHLING, Robert"]
[Result "1-0"]
[BlackElo "2005"]
[WhiteElo "2444"]
[LiveChessVersion "1.4.8"]

1. e4 {[%clk 1:29:16]} e6 {[%clk 1:30:53]} 2. d4 {[%clk 1:26:47]} d5
{[%clk 1:30:59]} 3. e5 {[%clk 1:27:10]} c5 {[%clk 1:31:01]} 4. c3
{[%clk 1:27:32]} Nc6 {[%clk 1:30:53]} 5. Nf3 {[%clk 1:27:44]} Nge7
{[%clk 1:29:18]} 6. Na3 {[%clk 1:23:57]} cxd4 {[%clk 1:26:42]} 7. cxd4
{[%clk 1:24:09]} Nf5 {[%clk 1:26:57]} 8. Nc2 {[%clk 1:24:00]} Be7
{[%clk 1:26:25]} 9. Bd3 {[%clk 1:21:44]} O-O {[%clk 1:23:58]} 10. g4
{[%clk 1:16:24]} Nh4 {[%clk 1:20:14]} 11. Nxh4 {[%clk 1:13:34]} Bxh4
{[%clk 1:20:42]} 12. g5 {[%clk 1:08:15]} Bxg5 {[%clk 1:19:16]} 13. Qh5
{[%clk 1:04:33]} h6 {[%clk 1:19:17]} 14. Rg1 {[%clk 1:04:08]} Bxc1
{[%clk 1:17:10]} 15. Rxc1 {[%clk 1:04:03]} f5 {[%clk 1:16:42]} 16. Qxh6
{[%clk 0:54:01]} Rf7 {[%clk 1:00:26]} 17. Rg5 {[%clk 0:51:35]} Bd7
{[%clk 0:56:04]} 18. Ke2 {[%clk 0:38:28]} Kf8 {[%clk 0:55:17]} 19. Rxg7
{[%clk 0:37:37]} Be8 {[%clk 0:47:07]} 20. Rxf7+ {[%clk 0:35:41]} Kxf7
{[%clk 0:47:33]} 21. Rg1 {[%clk 0:36:03]} 1-0

[Event "arco2023"]
[Site "?"]
[Date "2023.10.08"]
[Round "2.2"]
[White "BARTONICEK Jr., Zdenek"]
[Black "MORENO RUIZ, Javier"]
[Result "0-1"]
[BlackElo "2409"]
[WhiteElo "1995"]
[LiveChessVersion "1.4.8"]

1. e4 {[%clk 1:29:54]} e6 {[%clk 1:30:39]} 2. d4 {[%clk 1:30:13]} d5
{[%clk 1:30:57]} 3. e5 {[%clk 1:29:35]} c5 {[%clk 1:31:15]} 4. c3
{[%clk 1:29:35]} Nc6 {[%clk 1:31:14]} 5. Nf3 {[%clk 1:28:30]} Qb6
{[%clk 1:29:35]} 6. Bd3 {[%clk 1:26:32]} cxd4 {[%clk 1:29:42]} 7. O-O
{[%clk 1:24:39]} Bd7 {[%clk 1:29:52]} 8. Nbd2 {[%clk 1:21:47]} Nge7
{[%clk 1:23:23]} 9. Nb3 {[%clk 1:20:30]} dxc3 {[%clk 1:23:32]} 10. bxc3
{[%clk 1:20:54]} Ng6 {[%clk 1:23:34]} 11. Re1 {[%clk 1:17:30]} Be7
{[%clk 1:23:32]} 12. Rb1 {[%clk 1:16:12]} Qc7 {[%clk 1:23:33]} 13. Nbd4
{[%clk 1:05:15]} Ncxe5 {[%clk 1:13:41]} 14. Nxe5 {[%clk 1:05:33]} Nxe5
{[%clk 1:14:05]} 15. Bf4 {[%clk 1:06:01]} Bd6 {[%clk 1:14:20]} 16. Bb5
{[%clk 1:06:05]} Bc6 {[%clk 0:48:20]} 17. Qe2 {[%clk 1:00:58]} f6
{[%clk 0:43:58]} 18. Nxe6 {[%clk 0:36:00]} Qd7 {[%clk 0:40:30]} 19. Bxe5
{[%clk 0:32:42]} fxe5 {[%clk 0:40:15]} 20. Qg4 {[%clk 0:33:08]} g6
{[%clk 0:24:00]} 21. c4 {[%clk 0:23:17]} Ke7 {[%clk 0:17:06]} 22. Qh4+
{[%clk 0:20:45]} Kf7 {[%clk 0:15:31]} 23. Ng5+ {[%clk 0:14:22]} Kg7
{[%clk 0:15:52]} 24. a4 {[%clk 0:10:44]} Qe7 {[%clk 0:09:20]} 25. cxd5
{[%clk 0:08:11]} Bxd5 {[%clk 0:09:41]} 26. Rbd1 {[%clk 0:08:37]} Bg8
{[%clk 0:09:42]} 27. Qg3 {[%clk 0:07:54]} Rd8 {[%clk 0:09:27]} 28. Ne4
{[%clk 0:07:10]} Bf7 {[%clk 0:08:01]} 29. Qc3 {[%clk 0:07:26]} Bb4
{[%clk 0:07:55]} 30. Qb2 {[%clk 0:06:45]} Bxe1 {[%clk 0:08:08]} 31. Rxe1
{[%clk 0:07:10]} Rd4 {[%clk 0:08:11]} 32. f4 {[%clk 0:06:37]} Rhd8
{[%clk 0:06:44]} 33. Nf2 {[%clk 0:06:12]} Rxf4 {[%clk 0:05:29]} 34. Nd3
{[%clk 0:05:11]} Rxd3 {[%clk 0:03:35]} 35. Bxd3 {[%clk 0:05:35]} Qc5+
{[%clk 0:04:01]} 36. Kh1 {[%clk 0:05:52]} Qd4 0-1

[Event "arco2023"]
[Site "?"]
[Date "2023.10.08"]
[Round "2.3"]
[White "LORTKIPANIDZE, Nodar"]
[Black "VAN HERCK, Marcel"]
[Result "1-0"]
[BlackElo "1988"]
[WhiteElo "2392"]
[LiveChessVersion "1.4.8"]

1. Nf3 {[%clk 1:28:15]} d5 {[%clk 1:30:16]} 2. c4 {[%clk 1:22:19]} e6
{[%clk 1:28:37]} 3. g3 {[%clk 1:22:21]} Nf6 {[%clk 1:28:08]} 4. Bg2
{[%clk 1:22:44]} Be7 {[%clk 1:27:16]} 5. O-O {[%clk 1:23:06]} O-O
{[%clk 1:27:35]} 6. b3 {[%clk 1:22:44]} Nbd7 {[%clk 1:21:42]} 7. Bb2
{[%clk 1:22:53]} b6 {[%clk 1:21:38]} 8. d3 {[%clk 1:22:32]} Bb7 {[%clk 1:21:37]}
9. Nbd2 {[%clk 1:21:42]} c5 {[%clk 1:19:16]} 10. e3 {[%clk 1:19:41]} Qc7
{[%clk 1:18:45]} 11. Qe2 {[%clk 1:19:59]} Rad8 {[%clk 1:16:08]} 12. e4
{[%clk 1:18:09]} dxe4 {[%clk 1:06:00]} 13. dxe4 {[%clk 1:18:31]} e5
{[%clk 1:06:21]} 14. Nh4 {[%clk 1:14:19]} Nb8 {[%clk 1:05:15]} 15. Nf5
{[%clk 1:14:14]} Nc6 {[%clk 1:04:39]} 16. Ne3 {[%clk 1:14:22]} Nd4
{[%clk 1:03:33]} 17. Bxd4 {[%clk 1:11:53]} cxd4 {[%clk 1:00:45]} 18. Nd5
{[%clk 1:12:16]} Nxd5 {[%clk 0:57:46]} 19. exd5 {[%clk 1:12:13]} f5
{[%clk 0:57:43]} 20. g4 {[%clk 1:04:09]} g6 {[%clk 0:57:01]} 21. gxf5
{[%clk 1:02:35]} gxf5 {[%clk 0:57:23]} 22. Nf3 {[%clk 1:02:35]} Bf6
{[%clk 0:56:59]} 23. Rad1 {[%clk 1:02:57]} Kh8 {[%clk 0:53:56]} 24. Rfe1
{[%clk 1:02:27]} Rde8 {[%clk 0:52:20]} 25. Kh1 {[%clk 1:02:30]} Rg8
{[%clk 0:43:53]} 26. Bh3 {[%clk 0:58:15]} Bc8 {[%clk 0:44:01]} 27. Qd2
{[%clk 0:57:35]} f4 {[%clk 0:39:28]} 28. Bxc8 {[%clk 0:55:36]} Qxc8
{[%clk 0:39:54]} 29. Qd3 {[%clk 0:53:30]} Qh3 {[%clk 0:39:33]} 30. Rg1
{[%clk 0:53:44]} e4 {[%clk 0:39:21]} 31. Ng5 {[%clk 0:54:06]} 1-0

[Event "arco2023"]
[Site "?"]
[Date "2023.10.08"]
[Round "2.4"]
[White "ASTENGO, Corrado"]
[Black "SMITH, Bryan"]
[Result "0-1"]
[BlackElo "2386"]
[WhiteElo "1991"]
[LiveChessVersion "1.4.8"]

1. d4 {[%clk 1:30:54]} Nf6 {[%clk 1:30:48]} 2. Nf3 {[%clk 1:31:15]} g6
{[%clk 1:30:36]} 3. c4 {[%clk 1:31:37]} Bg7 {[%clk 1:30:59]} 4. Nc3
{[%clk 1:31:55]} O-O {[%clk 1:31:15]} 5. e4 {[%clk 1:32:11]} d6 {[%clk 1:31:32]}
6. Be2 {[%clk 1:32:34]} Na6 {[%clk 1:31:44]} 7. O-O {[%clk 1:30:36]} e5
{[%clk 1:31:44]} 8. Be3 {[%clk 1:27:31]} c6 {[%clk 1:31:49]} 9. h3
{[%clk 1:26:34]} exd4 {[%clk 1:29:00]} 10. Bxd4 {[%clk 1:24:40]} Re8
{[%clk 1:27:39]} 11. Qc2 {[%clk 1:23:23]} Nc5 {[%clk 1:10:02]} 12. e5
{[%clk 1:12:35]} Bf5 {[%clk 1:09:58]} 13. Qd1 {[%clk 1:12:55]} Nfe4
{[%clk 1:07:57]} 14. Nxe4 {[%clk 1:11:13]} Nxe4 {[%clk 1:05:23]} 15. exd6
{[%clk 1:11:23]} Qxd6 {[%clk 1:02:36]} 16. Bxg7 {[%clk 1:10:29]} Kxg7
{[%clk 1:02:52]} 17. Qxd6 {[%clk 1:10:10]} Nxd6 {[%clk 1:03:17]} 18. Rfe1
{[%clk 1:09:28]} Be6 {[%clk 0:58:25]} 19. b3 {[%clk 1:09:17]} a5 {[%clk 0:58:11]}
20. Nd4 {[%clk 1:06:01]} a4 {[%clk 0:56:42]} 21. Nxe6+ {[%clk 1:04:56]} Rxe6
{[%clk 0:56:46]} 22. Bg4 {[%clk 1:05:00]} Rxe1+ {[%clk 0:51:41]} 23. Rxe1
{[%clk 1:05:28]} Kf6 {[%clk 0:39:47]} 24. Rd1 {[%clk 0:50:19]} Ne4
{[%clk 0:35:02]} 25. Rd7 {[%clk 0:48:19]} Nc5 {[%clk 0:34:21]} 26. Rc7
{[%clk 0:48:10]} axb3 {[%clk 0:33:08]} 27. axb3 {[%clk 0:43:40]} Ra1+
{[%clk 0:33:23]} 28. Kh2 {[%clk 0:43:47]} Rb1 {[%clk 0:33:44]} 29. Bd7
{[%clk 0:40:53]} Nxd7 {[%clk 0:25:53]} 30. Rxd7 {[%clk 0:40:42]} Rxb3
{[%clk 0:26:19]} 31. f3 {[%clk 0:39:06]} Ke6 {[%clk 0:25:57]} 32. Rc7
{[%clk 0:37:55]} g5 {[%clk 0:24:43]} 33. h4 {[%clk 0:36:21]} gxh4
{[%clk 0:24:29]} 34. Kh3 {[%clk 0:36:47]} Rb4 {[%clk 0:24:36]} 35. Kh2
{[%clk 0:36:12]} h6 {[%clk 0:22:35]} 36. Kh3 {[%clk 0:36:25]} h5 {[%clk 0:22:37]}
37. Kh2 {[%clk 0:36:44]} Rb1 {[%clk 0:19:57]} 38. c5 {[%clk 0:33:09]} Rb5
{[%clk 0:12:58]} 39. Kh3 {[%clk 0:33:13]} Rb4 {[%clk 0:13:18]} 40. Kh2
{[%clk 0:33:25]} Rb1 {[%clk 0:13:01]} 41. f4 {[%clk 0:30:46]} Rb4
{[%clk 0:10:47]} 42. f5+ {[%clk 0:29:34]} Kf6 {[%clk 0:10:10]} 43. Kh3
{[%clk 0:29:40]} Rb5 {[%clk 0:08:06]} 44. Kxh4 {[%clk 0:29:52]} Rxc5
{[%clk 0:08:16]} 45. Rxb7 {[%clk 0:28:56]} Rxf5 {[%clk 0:08:36]} 0-1

[Event "arco2023"]
[Site "?"]
[Date "2023.10.08"]
[Round "2.5"]
[White "AKHVLEDIANI, Irakli"]
[Black "ANDERSEN, Lars Christoff"]
[Result "1-0"]
[BlackElo "1977"]
[WhiteElo "2358"]
[LiveChessVersion "1.4.8"]

1. d4 {[%clk 1:30:43]} e6 {[%clk 1:30:44]} 2. c4 {[%clk 1:31:09]} Nf6
{[%clk 1:31:06]} 3. Nf3 {[%clk 1:31:35]} d5 {[%clk 1:31:17]} 4. g3
{[%clk 1:32:02]} Be7 {[%clk 1:31:32]} 5. Bg2 {[%clk 1:32:27]} O-O
{[%clk 1:31:55]} 6. O-O {[%clk 1:32:54]} Nc6 {[%clk 1:31:36]} 7. Nbd2
{[%clk 1:31:48]} Ne4 {[%clk 1:28:49]} 8. e3 {[%clk 1:25:14]} f5 {[%clk 1:25:25]}
9. a3 {[%clk 1:25:38]} a5 {[%clk 1:24:39]} 10. b3 {[%clk 1:26:04]} Rb8
{[%clk 1:19:06]} 11. Qc2 {[%clk 1:19:15]} Bd7 {[%clk 1:14:09]} 12. Bb2
{[%clk 1:19:36]} Qe8 {[%clk 1:01:42]} 13. Ne1 {[%clk 1:15:40]} Nxd2
{[%clk 0:56:09]} 14. Qxd2 {[%clk 1:15:53]} dxc4 {[%clk 0:55:48]} 15. bxc4
{[%clk 1:15:54]} Bf6 {[%clk 0:52:27]} 16. Nd3 {[%clk 1:15:39]} b6
{[%clk 0:52:25]} 17. f4 {[%clk 1:13:37]} a4 {[%clk 0:50:57]} 18. Bc3
{[%clk 1:09:19]} Kh8 {[%clk 0:46:19]} 19. Ne5 {[%clk 1:07:15]} Nxe5
{[%clk 0:44:33]} 20. fxe5 {[%clk 1:07:27]} Bg5 {[%clk 0:44:19]} 21. d5
{[%clk 1:02:16]} b5 {[%clk 0:43:53]} 22. Bb4 {[%clk 1:02:11]} Rf7
{[%clk 0:41:33]} 23. h4 {[%clk 0:59:38]} Bh6 {[%clk 0:39:22]} 24. d6
{[%clk 0:59:47]} cxd6 {[%clk 0:35:28]} 25. Bxd6 {[%clk 1:00:12]} Rc8
{[%clk 0:35:31]} 26. cxb5 {[%clk 0:50:34]} Bxb5 {[%clk 0:34:47]} 27. Rfc1
{[%clk 0:51:00]} Rd8 {[%clk 0:32:24]} 28. Rab1 {[%clk 0:48:16]} g5
{[%clk 0:28:45]} 29. Rc5 {[%clk 0:45:42]} Ba6 {[%clk 0:25:54]} 30. Rb6
{[%clk 0:24:58]} Bc8 {[%clk 0:25:16]} 31. hxg5 {[%clk 0:18:27]} Bxg5
{[%clk 0:25:25]} 32. Qe2 {[%clk 0:18:45]} Rg7 {[%clk 0:24:11]} 33. Rc7
{[%clk 0:17:03]} Qg6 {[%clk 0:19:40]} 34. Rxg7 {[%clk 0:12:14]} Qxg7
{[%clk 0:19:04]} 35. Rb8 {[%clk 0:09:29]} Qa7 {[%clk 0:17:12]} 36. Ra8
{[%clk 0:05:53]} Bxe3+ {[%clk 0:14:18]} 37. Kh2 {[%clk 0:05:41]} Qd4
{[%clk 0:13:38]} 38. Bb7 {[%clk 0:01:08]} Bg1+ {[%clk 0:10:34]} 39. Kh3
{[%clk 0:01:35]} Qc3 {[%clk 0:04:49]} 40. Be7 {[%clk 0:01:26]} Rd2
{[%clk 0:01:56]} 41. Bf6+ {[%clk 0:01:40]} Kg8 {[%clk 0:02:14]} 42. Bxc8
{[%clk 0:01:51]} 1-0

[Event "arco2023"]
[Site "?"]
[Date "2023.10.08"]
[Round "2.6"]
[White "VALLES MORENO, Ivan"]
[Black "SALERNO, Christian"]
[Result "0-1"]
[BlackElo "1958"]
[WhiteElo "2334"]
[LiveChessVersion "1.4.8"]

1. d4 {[%clk 1:30:02]} Nf6 {[%clk 1:30:55]} 2. c4 {[%clk 1:30:18]} g6
{[%clk 1:31:13]} 3. Nc3 {[%clk 1:30:40]} Bg7 {[%clk 1:31:33]} 4. e4
{[%clk 1:30:51]} d6 {[%clk 1:31:57]} 5. Nf3 {[%clk 1:30:26]} O-O {[%clk 1:31:47]}
6. Be2 {[%clk 1:30:50]} e5 {[%clk 1:31:58]} 7. d5 {[%clk 1:31:08]} Na6
{[%clk 1:31:04]} 8. Be3 {[%clk 1:30:09]} Ng4 {[%clk 1:26:18]} 9. Bg5
{[%clk 1:30:30]} Qe8 {[%clk 1:26:35]} 10. h3 {[%clk 1:23:52]} Nf6
{[%clk 1:26:42]} 11. Nd2 {[%clk 1:24:06]} Bd7 {[%clk 1:25:42]} 12. Rc1
{[%clk 1:04:19]} h6 {[%clk 1:21:56]} 13. Be3 {[%clk 0:59:47]} Nh7
{[%clk 1:19:20]} 14. g4 {[%clk 0:55:21]} c6 {[%clk 1:06:20]} 15. Nf3
{[%clk 0:51:23]} Nf6 {[%clk 0:56:54]} 16. Qd2 {[%clk 0:45:04]} Nc5
{[%clk 0:52:21]} 17. Bxc5 {[%clk 0:35:17]} dxc5 {[%clk 0:52:36]} 18. Qe3
{[%clk 0:35:41]} b6 {[%clk 0:49:01]} 19. b3 {[%clk 0:34:04]} Qe7 {[%clk 0:46:58]}
20. Bd3 {[%clk 0:32:37]} Ne8 {[%clk 0:47:10]} 21. Rg1 {[%clk 0:27:02]} Nd6
{[%clk 0:45:03]} 22. Bb1 {[%clk 0:25:51]} Kh7 {[%clk 0:38:53]} 23. Rd1
{[%clk 0:24:23]} Rad8 {[%clk 0:39:15]} 24. h4 {[%clk 0:15:15]} f6
{[%clk 0:36:11]} 25. h5 {[%clk 0:12:53]} g5 {[%clk 0:34:58]} 26. Nh2
{[%clk 0:13:05]} Rb8 {[%clk 0:26:49]} 27. Nf1 {[%clk 0:10:30]} Rfd8
{[%clk 0:27:02]} 28. Rg3 {[%clk 0:10:21]} Bf8 {[%clk 0:27:11]} 29. Qd2
{[%clk 0:07:22]} b5 {[%clk 0:22:48]} 30. Ne3 {[%clk 0:07:40]} Qe8
{[%clk 0:21:04]} 31. Qc1 {[%clk 0:05:35]} Rb7 {[%clk 0:19:59]} 32. Bd3
{[%clk 0:03:21]} Rdb8 {[%clk 0:17:45]} 33. f3 {[%clk 0:03:18]} Qc8
{[%clk 0:17:09]} 34. Rg2 {[%clk 0:03:38]} Kg7 {[%clk 0:17:16]} 35. Rgd2
{[%clk 0:03:56]} b4 {[%clk 0:15:58]} 36. Ne2 {[%clk 0:03:57]} cxd5
{[%clk 0:16:05]} 37. Nxd5 {[%clk 0:04:12]} Bxg4 {[%clk 0:16:08]} 38. fxg4
{[%clk 0:04:07]} Qxg4 {[%clk 0:16:31]} 39. Kf2 {[%clk 0:04:12]} Nxe4+
{[%clk 0:16:23]} 40. Bxe4 {[%clk 0:04:35]} Qxe4 {[%clk 0:16:47]} 41. Ng3
{[%clk 0:04:38]} Qg4 {[%clk 0:14:31]} 42. Kg2 {[%clk 0:03:23]} e4
{[%clk 0:12:35]} 43. Rf2 {[%clk 0:02:10]} Bd6 {[%clk 0:07:30]} 44. Qe3
{[%clk 0:21:52]} Bxg3 {[%clk 0:36:27]} 45. Qxg3 {[%clk 0:22:16]} Qxd1
{[%clk 0:36:19]} 46. Rxf6 {[%clk 0:22:01]} Qxh5 {[%clk 0:26:29]} 47. Qe5
{[%clk 0:12:11]} Qg4+ {[%clk 0:22:06]} 48. Kf2 {[%clk 0:10:48]} Kh7
{[%clk 0:21:17]} 49. Rf4 {[%clk 0:08:36]} e3+ {[%clk 0:18:48]} 50. Kf1
{[%clk 0:03:20]} Qd1+ {[%clk 0:14:47]} 51. Kg2 {[%clk 0:03:02]} Qc2+
{[%clk 0:15:12]} 52. Kh3 {[%clk 0:02:18]} gxf4 {[%clk 0:15:27]} 53. Nf6+
{[%clk 0:02:32]} Kg6 {[%clk 0:15:45]} 54. Ne4 {[%clk 0:02:49]} Rf7
{[%clk 0:12:12]} 55. Qe6+ {[%clk 0:01:06]} Kg7 {[%clk 0:12:09]} 56. Nd6
{[%clk 0:00:45]} Rbf8 {[%clk 0:11:38]} 0-1

[Event "arco2023"]
[Site "?"]
[Date "2023.10.08"]
[Round "2.7"]
[White "BELLINCAMPI, Stefano"]
[Black "MOLNAR, Bela"]
[Result "0-1"]
[BlackElo "2298"]
[WhiteElo "1980"]
[LiveChessVersion "1.4.8"]

1. e4 {[%clk 1:30:56]} e6 {[%clk 1:25:25]} 2. d4 {[%clk 1:31:04]} d5
{[%clk 1:25:44]} 3. Nd2 {[%clk 1:31:21]} h6 {[%clk 1:25:54]} 4. Bd3
{[%clk 1:31:14]} c5 {[%clk 1:26:11]} 5. dxc5 {[%clk 1:29:44]} Bxc5
{[%clk 1:26:30]} 6. Ngf3 {[%clk 1:27:48]} Nc6 {[%clk 1:25:42]} 7. Qe2
{[%clk 1:24:14]} Nge7 {[%clk 1:25:56]} 8. c3 {[%clk 1:21:59]} O-O
{[%clk 1:25:08]} 9. O-O {[%clk 1:22:19]} a5 {[%clk 1:12:40]} 10. a4
{[%clk 1:19:59]} Qb6 {[%clk 1:12:21]} 11. Bc2 {[%clk 1:11:43]} Qc7
{[%clk 1:01:46]} 12. Nb3 {[%clk 1:01:44]} Bd6 {[%clk 1:01:54]} 13. h3
{[%clk 0:59:11]} e5 {[%clk 0:59:48]} 14. exd5 {[%clk 0:48:14]} Nxd5
{[%clk 1:00:04]} 15. Qe4 {[%clk 0:47:55]} Nf6 {[%clk 1:00:13]} 16. Qh4
{[%clk 0:45:29]} Be7 {[%clk 0:59:04]} 17. Bxh6 {[%clk 0:43:05]} gxh6
{[%clk 0:58:13]} 18. Qxh6 {[%clk 0:42:10]} e4 {[%clk 0:57:06]} 19. g4
{[%clk 0:36:59]} Re8 {[%clk 0:46:25]} 20. Ng5 {[%clk 0:33:06]} Qf4
{[%clk 0:39:01]} 21. Bxe4 {[%clk 0:29:01]} Bd6 {[%clk 0:37:11]} 22. Bh7+
{[%clk 0:24:28]} Nxh7 {[%clk 0:37:27]} 23. Qxh7+ {[%clk 0:24:46]} Kf8
{[%clk 0:37:52]} 24. Qh8+ {[%clk 0:21:15]} Ke7 {[%clk 0:38:13]} 25. Rfe1+
{[%clk 0:21:36]} Ne5 {[%clk 0:37:24]} 26. Qh6 {[%clk 0:13:46]} Bxg4
{[%clk 0:34:23]} 27. Nxf7 {[%clk 0:09:15]} Qxf7 {[%clk 0:24:39]} 28. hxg4
{[%clk 0:08:57]} Kd7 {[%clk 0:24:29]} 29. Red1 {[%clk 0:07:07]} Qxf2+
{[%clk 0:24:21]} 30. Kxf2 {[%clk 0:05:55]} Nxg4+ {[%clk 0:24:42]} 31. Kf1
{[%clk 0:05:54]} Nxh6 {[%clk 0:25:02]} 32. Nc5+ {[%clk 0:05:50]} Kc6
{[%clk 0:25:19]} 33. Nd3 {[%clk 0:03:53]} Re3 {[%clk 0:24:20]} 34. b4
{[%clk 0:03:09]} Rf8+ {[%clk 0:24:33]} 0-1

[Event "arco2023"]
[Site "?"]
[Date "2023.10.08"]
[Round "2.8"]
[White "SARKAR, Justin"]
[Black "SCHWICKERT, Michael"]
[Result "1-0"]
[BlackElo "1951"]
[WhiteElo "2289"]
[LiveChessVersion "1.4.8"]

1. e4 {[%clk 1:30:57]} e6 {[%clk 1:30:49]} 2. d4 {[%clk 1:31:04]} d5
{[%clk 1:31:10]} 3. Nc3 {[%clk 1:29:29]} Nf6 {[%clk 1:31:02]} 4. e5
{[%clk 1:28:52]} Nfd7 {[%clk 1:30:38]} 5. Nce2 {[%clk 1:27:46]} c5
{[%clk 1:28:33]} 6. c3 {[%clk 1:28:06]} Nc6 {[%clk 1:28:32]} 7. Nf3
{[%clk 1:28:10]} cxd4 {[%clk 1:24:48]} 8. cxd4 {[%clk 1:28:34]} Qb6
{[%clk 1:23:38]} 9. a3 {[%clk 1:00:26]} Na5 {[%clk 1:11:29]} 10. Nc3
{[%clk 0:50:36]} a6 {[%clk 0:57:39]} 11. b4 {[%clk 0:45:30]} Qc6 {[%clk 0:47:50]}
12. bxa5 {[%clk 0:43:48]} Qxc3+ {[%clk 0:47:51]} 13. Bd2 {[%clk 0:44:15]} Qb2
{[%clk 0:47:26]} 14. Bd3 {[%clk 0:44:31]} b6 {[%clk 0:42:35]} 15. O-O
{[%clk 0:39:57]} Rb8 {[%clk 0:28:16]} 16. axb6 {[%clk 0:36:47]} Qxb6
{[%clk 0:11:47]} 17. Qa4 {[%clk 0:36:32]} Be7 {[%clk 0:10:45]} 18. Rfc1
{[%clk 0:21:37]} O-O {[%clk 0:10:59]} 19. Rxc8 {[%clk 0:20:14]} Rfxc8
{[%clk 0:11:18]} 20. Qxd7 {[%clk 0:20:39]} Qb2 {[%clk 0:11:27]} 21. Re1
{[%clk 0:04:24]} Qxa3 {[%clk 0:11:50]} 22. Re3 {[%clk 0:04:44]} Qa1+
{[%clk 0:12:00]} 23. Re1 {[%clk 0:05:03]} Qa3 {[%clk 0:12:17]} 24. Bxa6
{[%clk 0:03:10]} Qxa6 {[%clk 0:06:46]} 25. Qxe7 {[%clk 0:03:37]} Qd3
{[%clk 0:07:07]} 26. h4 {[%clk 0:03:19]} h6 {[%clk 0:05:01]} 27. Kh2
{[%clk 0:03:11]} Rc2 {[%clk 0:04:19]} 28. Be3 {[%clk 0:02:20]} Qf5
{[%clk 0:03:01]} 29. Ra1 {[%clk 0:01:33]} Rcc8 {[%clk 0:02:28]} 30. Ra7
{[%clk 0:01:01]} Re8 {[%clk 0:02:47]} 31. Qa3 {[%clk 0:01:06]} Qe4
{[%clk 0:00:43]} 32. Rc7 {[%clk 0:01:04]} Qf5 {[%clk 0:00:31]} 33. Qc3
{[%clk 0:01:09]} Qe4 {[%clk 0:00:35]} 34. Qc2 {[%clk 0:00:45]} 1-0

[Event "arco2023"]
[Site "?"]
[Date "2023.10.08"]
[Round "2.9"]
[White "AGER, Josef"]
[Black "BODER, Jan"]
[Result "0-1"]
[BlackElo "2286"]
[WhiteElo "1974"]
[LiveChessVersion "1.4.8"]

1. d4 {[%clk 1:30:58]} Nf6 {[%clk 1:30:48]} 2. c4 {[%clk 1:31:21]} c5
{[%clk 1:30:41]} 3. d5 {[%clk 1:31:42]} b5 {[%clk 1:31:01]} 4. Nd2
{[%clk 1:31:49]} Qa5 {[%clk 1:28:26]} 5. e4 {[%clk 1:29:22]} Nxe4
{[%clk 1:25:38]} 6. b4 {[%clk 1:29:38]} Qxb4 {[%clk 1:11:14]} 7. Rb1
{[%clk 1:29:59]} Qc3 {[%clk 1:11:13]} 8. Rb3 {[%clk 1:30:14]} Qd4
{[%clk 1:11:01]} 9. Nxe4 {[%clk 1:27:17]} Qxe4+ {[%clk 1:10:33]} 10. Re3
{[%clk 1:27:31]} Qd4 {[%clk 1:08:22]} 11. Qc2 {[%clk 1:25:00]} bxc4
{[%clk 1:07:08]} 12. Bxc4 {[%clk 1:25:09]} Ba6 {[%clk 1:00:45]} 13. Re4
{[%clk 1:24:10]} Qf6 {[%clk 1:00:26]} 14. Nf3 {[%clk 1:22:57]} Bxc4
{[%clk 0:59:59]} 15. Qxc4 {[%clk 1:22:18]} Qa6 {[%clk 0:53:46]} 16. Qxc5 d6
{[%clk 0:53:04]} 17. Qc2 {[%clk 1:18:18]} Nd7 {[%clk 0:52:08]} 18. Ra4
{[%clk 1:14:19]} Qb5 {[%clk 0:48:37]} 19. Rxa7 {[%clk 1:10:28]} Rd8
{[%clk 0:48:38]} 20. Qc6 {[%clk 1:08:25]} Qxc6 {[%clk 0:35:58]} 21. dxc6
{[%clk 1:08:42]} Nc5 {[%clk 0:36:26]} 22. Be3 {[%clk 1:06:13]} Rc8
{[%clk 0:29:48]} 23. Bxc5 {[%clk 1:02:04]} dxc5 {[%clk 0:30:09]} 24. Ra6
{[%clk 1:02:29]} h5 {[%clk 0:28:03]} 25. O-O {[%clk 1:00:00]} Rh6
{[%clk 0:27:12]} 26. Rb1 {[%clk 1:00:06]} Rd6 {[%clk 0:26:53]} 27. Ng5
{[%clk 0:56:34]} f6 {[%clk 0:24:05]} 28. Ne4 {[%clk 0:55:51]} Rdxc6
{[%clk 0:23:51]} 29. Rxc6 {[%clk 0:54:44]} Rxc6 {[%clk 0:24:11]} 30. Rb8+
{[%clk 0:55:09]} Kf7 {[%clk 0:24:17]} 31. Rb7 {[%clk 0:55:10]} c4
{[%clk 0:22:37]} 32. Nc3 {[%clk 0:55:21]} g6 {[%clk 0:22:34]} 33. a4
{[%clk 0:55:06]} Bh6 {[%clk 0:21:52]} 34. Rb2 {[%clk 0:54:56]} Bf4
{[%clk 0:21:09]} 35. Kf1 {[%clk 0:54:30]} Be5 {[%clk 0:21:20]} 36. Rc2
{[%clk 0:54:31]} Ra6 {[%clk 0:21:44]} 0-1

[Event "arco2023"]
[Site "?"]
[Date "2023.10.08"]
[Round "2.10"]
[White "BODROGI, Bendeguz"]
[Black "LEONI, Fabrizio"]
[Result "1-0"]
[BlackElo "1950"]
[WhiteElo "2243"]
[LiveChessVersion "1.4.8"]

1. Nf3 {[%clk 1:30:35]} Nf6 {[%clk 1:30:26]} 2. g3 {[%clk 1:30:47]} d5
{[%clk 1:30:33]} 3. Bg2 {[%clk 1:31:06]} Bg4 {[%clk 1:29:27]} 4. d4
{[%clk 1:30:34]} e6 {[%clk 1:28:55]} 5. c4 {[%clk 1:30:05]} Bxf3 {[%clk 1:28:57]}
6. Bxf3 {[%clk 1:30:24]} c6 {[%clk 1:28:57]} 7. O-O {[%clk 1:29:46]} Nbd7
{[%clk 1:28:11]} 8. b3 {[%clk 1:26:38]} Be7 {[%clk 1:27:11]} 9. Nd2
{[%clk 1:26:08]} O-O {[%clk 1:27:24]} 10. Bb2 {[%clk 1:26:31]} Re8
{[%clk 1:25:40]} 11. Qc2 {[%clk 1:20:07]} Rc8 {[%clk 1:24:30]} 12. e4
{[%clk 1:17:00]} dxe4 {[%clk 1:24:14]} 13. Nxe4 {[%clk 1:17:14]} Nxe4
{[%clk 1:24:05]} 14. Bxe4 {[%clk 1:17:35]} Nf6 {[%clk 1:23:16]} 15. Bg2
{[%clk 1:17:57]} Qc7 {[%clk 1:22:39]} 16. a3 {[%clk 1:00:35]} Red8
{[%clk 1:19:04]} 17. Rac1 {[%clk 0:42:39]} Rd7 {[%clk 1:17:37]} 18. b4
{[%clk 0:36:34]} Ne8 {[%clk 1:15:42]} 19. Qb3 {[%clk 0:35:45]} Qd8
{[%clk 1:14:18]} 20. b5 {[%clk 0:31:24]} c5 {[%clk 0:46:59]} 21. d5
{[%clk 0:31:47]} exd5 {[%clk 0:47:09]} 22. Bh3 {[%clk 0:24:06]} d4
{[%clk 0:43:10]} 23. Rce1 {[%clk 0:22:09]} Nd6 {[%clk 0:41:41]} 24. Bxd7
{[%clk 0:21:20]} Qxd7 {[%clk 0:42:05]} 25. Bc1 {[%clk 0:21:36]} Bf6
{[%clk 0:40:46]} 26. Bf4 {[%clk 0:20:58]} Nf5 {[%clk 0:38:56]} 27. Qd3
{[%clk 0:21:00]} g6 {[%clk 0:38:10]} 28. a4 {[%clk 0:16:50]} Rd8 {[%clk 0:32:11]}
29. a5 {[%clk 0:16:57]} Rc8 {[%clk 0:29:54]} 30. Re2 {[%clk 0:15:19]} Qd8
{[%clk 0:23:01]} 31. Ra1 {[%clk 0:10:04]} h5 {[%clk 0:19:40]} 32. a6
{[%clk 0:10:21]} b6 {[%clk 0:19:55]} 33. Rae1 {[%clk 0:10:06]} Ng7
{[%clk 0:19:30]} 34. h4 {[%clk 0:07:50]} Qd7 {[%clk 0:18:45]} 35. Be5
{[%clk 0:07:37]} Bxe5 {[%clk 0:18:26]} 36. Rxe5 {[%clk 0:08:05]} Qh3
{[%clk 0:18:21]} 37. Qf3 {[%clk 0:06:43]} Nf5 {[%clk 0:06:43]} 38. Re8+
{[%clk 0:07:05]} Rxe8 {[%clk 0:04:44]} 39. Rxe8+ {[%clk 0:07:31]} 1-0